| 000 | 00657nam 22002293 4500 | ||
|---|---|---|---|
| 001 | 201439 | ||
| 010 | _a978-972-0-04822-6 | ||
| 021 |
_aPT _b408185/16 |
||
| 090 | _a201439 | ||
| 100 | _a20260320d u||y0pory50 ba | ||
| 101 | _apor | ||
| 200 |
_aA Guitarra Azul _fJohn Banville _gTradução de Tânia Ganho |
||
| 205 | _a1ª | ||
| 210 |
_aLisboa _cPorto Editora _d2016 |
||
| 215 |
_a238, [2] p. _cBrochado _d24 cm |
||
| 300 | _aRomance | ||
| 606 |
_91143 _aLiteratura Irlandesa |
||
| 675 |
_a821.111(417)-31/BAN/GUI _vPT _zpor |
||
| 700 |
_95627 _aBanville _bJohn _f1945- |
||
| 801 |
_aPT _bBMMN _gRPC |
||
| 830 |
_cCarlos Pinto _d20-03-2026 _fCarlos Pinto |
||
| 990 | _cLIVROS | ||